Új érdekességek a magyarországi neolatin irodalom kutatásában

Elmentve itt :
Bibliográfiai részletek
Szerző: Szörényi László
Testületi szerző: Eötvös Loránd Kollégium Eötvös Esték
Dokumentumtípus: Prezentáció
Megjelent: 2012
Kulcsszavak:latin irodalom
magyarország
Tárgyszavak:
Online Access:http://eta.bibl.u-szeged.hu/4581
LEADER 00823nnm a2200229 i 4500
001 eta4581
005 20210107142850.0
008 210107s2012 hu o 0|| hun d
040 |a SZTE Elektronikus Tananyag Archívum  |b hun 
041 |a hun 
100 1 |a Szörényi László 
245 1 0 |a Új érdekességek a magyarországi neolatin irodalom kutatásában  |h [elektronikus dokumentum] /  |c  Szörényi László 
260 |c 2012 
300 |a 5 
516 |a Presentation 
650 4 |a Bölcsészettudományok 
650 4 |a Nyelvek és irodalom 
650 4 |a Általános irodalomtudományok 
695 |a latin irodalom 
695 |a magyarország 
711 |a Eötvös Loránd Kollégium Eötvös Esték  |c Szeged, Magyarország  |d 2012. 12. 06. 
856 4 0 |u https://eta.bibl.u-szeged.hu/4581/1/2010-0012_70_11.pdf  |z Dokumentum-elérés